[Event "PER-ch (Women)"]
[Site "Lima"]
[Date "2007.03.03"]
[Round "6"]
[White "Francia Arzapalo, Camila S"]
[Black "Velarde Munante, Gloria Isabel"]
[Result "0-1"]
[WhiteElo "1473"]
[BlackElo "1626"]
[PlyCount "148"]
[EventDate "2017.03.01"]
[EventType "swiss"]
[EventRounds "9"]
[EventCountry "PER"]
[SourceTitle "EXT 2018"]
[Source "ChessBase"]
[SourceDate "2017.10.13"]
[SourceVersion "1"]
[SourceVersionDate "2017.10.13"]
[SourceQuality "1"]

1. d4 d5 2. Bf4 e6 3. Nf3 c5 4. e3 Nc6 5. c3 Nf6 6. Nbd2 Bd6 7. Bg3 0-0 8. Be2 Re8 9. Ne5 cxd4 10. exd4 Bxe5 11. Bxe5 Nxe5 12. dxe5 Nd7 13. f4 Qb6 14. Qc1 Nc5 15. Qc2 Bd7 16. Nf3 Ne4 17. Nd4 g6 18. 0-0 Rac8 19. Qb3 Qc7 20. Rfd1 Nc5 21. Qc2 Na4 22. Kh1 a6 23. Rab1 Nb6 24. Rdc1 Nc4 25. Qd3 Qa5 26. a3 Qb6 27. Qc2 Rc5 28. Bxc4 Rxc4 29. Qd3 Rec8 30. h4 Kg7 31. Kh2 Bb5 32. Qg3 Qd8 33. Qg5 Qxg5 34. fxg5 R4c5 35. Rd1 Bc4 36. Rd2 Bb5 37. Rf2 Bd3 38. Rd1 Be4 39. Rdf1 R5c7 40. g4 b5 41. Rf6 Re8 42. Kg3 Rb7 43. R1f2 a5 44. Nc6 Ra8 45. Rh2 Ra6 46. Nd4 b4 47. axb4 axb4 48. cxb4 Rxb4 49. Rd2 Raa4 50. Nc6 Rc4 51. Nd8 Ra7 52. Rdf2 Rcc7 53. b4 Bd3 54. R2f3 Bb5 55. h5 Re7 56. hxg6 hxg6 57. Rc3 Ra8 58. Nxe6+ fxe6 59. Rc5 Be8 60. b5 Rb8 61. b6 Rxb6 62. Rxd5 Rb3+ 63. Rf3 Rxf3+ 64. Kxf3 exd5 65. Kf4 Kf7 66. Ke3 Ke6 67. Kd4 Rc7 68. Kd3 Kxe5 69. Ke3 Rc3+ 70. Kd2 d4 71. Ke2 Ke4 72. Kd2 Bb5 73. Ke1 Ke3 74. Kd1 Be2+ 0-1

[Event "PER-ch (Women)"]
[Site "Lima"]
[Date "2007.03.02"]
[Round "4"]
[White "Velarde Munante, Gloria Isabel"]
[Black "Arauco Celestino, Arianna Sofia"]
[Result "1-0"]
[WhiteElo "1626"]
[BlackElo "1503"]
[PlyCount "81"]
[EventDate "2017.03.01"]
[EventType "swiss"]
[EventRounds "9"]
[EventCountry "PER"]
[SourceTitle "EXT 2018"]
[Source "ChessBase"]
[SourceDate "2017.10.13"]
[SourceVersion "1"]
[SourceVersionDate "2017.10.13"]
[SourceQuality "1"]

1. e4 c6 2. d4 d5 3. Nc3 dxe4 4. Nxe4 Bf5 5. Ng3 Bg6 6. Nf3 Nd7 7. Bc4 e6 8. 0-0 Ngf6 9. Re1 h5 10. Nh4 Bh7 11. Bg5 Qa5 12. Nf3 Bd6 13. Bh4 Bf4 14. Ne2 Bh6 15. Nc3 g5 16. Bg3 Bf5 17. Be5 h4 18. Bd3 Bg4 19. Ne4 Ke7 20. Bd6+ Ke8 21. Nxf6+ Nxf6 22. h3 Bh5 23. Be5 Bg7 24. Be2 g4 25. Ng5 gxh3 26. Nxh3 Bxe2 27. Qxe2 Rg8 28. Qf3 Ke7 29. Qf4 Rh8 30. Qg5 Rag8 31. Bxf6+ Bxf6 32. Qxa5 Bxd4 33. Qb4+ c5 34. Qxb7+ Kf6 35. c3 e5 36. cxd4 cxd4 37. Qc6+ Kg7 38. Rxe5 Rc8 39. Rg5+ Kh7 40. Qe4+ f5 41. Qxh4# 1-0

[Event "PER-ch (Women)"]
[Site "Lima"]
[Date "2007.03.01"]
[Round "2"]
[White "Velarde Munante, Gloria Isabel"]
[Black "Castillo Martinez, Paola"]
[Result "0-1"]
[WhiteElo "1626"]
[BlackElo "1571"]
[PlyCount "78"]
[EventDate "2017.03.01"]
[EventType "swiss"]
[EventRounds "9"]
[EventCountry "PER"]
[SourceTitle "EXT 2018"]
[Source "ChessBase"]
[SourceDate "2017.10.13"]
[SourceVersion "1"]
[SourceVersionDate "2017.10.13"]
[SourceQuality "1"]

1. e4 c5 2. Nf3 d6 3. d4 cxd4 4. Nxd4 Nf6 5. Nc3 a6 6. Bg5 e6 7. Qd2 Be7 8. Bd3 Nbd7 9. 0-0-0 Qc7 10. f4 h6 11. Bxf6 Nxf6 12. f5 Bd7 13. Kb1 0-0-0 14. Rhe1 Ng4 15. h3 Ne5 16. Nf3 Kb8 17. Nxe5 dxe5 18. a3 exf5 19. Nd5 Qd6 20. Nxe7 Qxe7 21. Qa5 Bc6 22. exf5 f6 23. g4 Qc7 24. Qxc7+ Kxc7 25. Kc1 Rd6 26. Be4 Rhd8 27. Rxd6 Rxd6 28. Bxc6 Kxc6 29. Rd1 Rxd1+ 30. Kxd1 Kd5 31. Kd2 Ke4 32. Ke2 h5 33. a4 hxg4 34. hxg4 Kf4 35. b4 Kxg4 36. c4 Kxf5 37. a5 Ke6 38. b5 Kd6 39. bxa6 bxa6 0-1